Glossaire Datinois. troisieme volume, (z - y) /
Main Author:
Other Authors:
Format: Book
Language:
French
Arabic
Published:
Leiden
Brill
1942
Subjects:
Tags: Add Tag
Call Number: PJ6330.D3 L3 1942 v.3
| LEADER | 00732cam a2200217M 4500 | ||
|---|---|---|---|
| 001 | on1381802954 | ||
| 003 | OCoLC | ||
| 005 | 20240220185118.0 | ||
| 008 | 850101s1942 ne 00| 0 fre d | ||
| 041 | 1 | |a fre |h ara | |
| 050 | 4 | |a PJ6330.D3 |b L3 1942 v.3 | |
| 100 | 1 | |a Landberg, Carlo, |d 1848-1924, |4 aut | |
| 245 | 1 | 0 | |a Glossaire Datinois. |n troisieme volume, |p (z - y) / |c par Carlo de Landberg ; publie par K. Z. Zettersteen. |
| 264 | 1 | |a Leiden |b Brill |c 1942 | |
| 300 | |a XXXIV, 1815 - 2976 paginas ; |c 24 cm | ||
| 336 | |a texto |b txt |2 rdacontent/ger | ||
| 337 | |a sin mediacion |b n |2 rdamedia/ger | ||
| 338 | |a volumen |b nc |2 rdacarrier/ger | ||
| 650 | 0 | |a Arabe (Lengua) |x Dialectos |z Dathina (Yemen). | |
| 700 | 1 | |a Zettersteen, K. V. | |
| 999 | |c 56918 |d 56918 | ||
